| 000 | 00505nam a2200145Ia 4500 | ||
|---|---|---|---|
| 003 | OSt | ||
| 005 | 20260129124903.0 | ||
| 008 | 211028s2018 xx 000 0 und d | ||
| 040 | _cAIMIT LIBRARY | ||
| 041 | _aeng | ||
| 100 |
_aDias, Nelson; James, Justine P. _g1616120 _97875 |
||
| 245 | _aStudy on B2B customers attitude and preferences towards products and service quality of casting : with reference to Vijay technnocrats pvt ltd / | ||
| 260 |
_aMangalore _bJustine P James. _c2018 |
||
| 942 |
_2ddc _cPRO |
||
| 999 |
_c219443 _d219443 |
||